Land Things Quiz Stats

 Plays Quiz Updated Aug 26, 2019

Score 0/24 Timer 07:00
0 Plays Today
Hint Answer % Correct
Home of Peter Pan, Tinker Bell and Michael JacksonNeverland
85.5%
This US state's capital is AnnapolisMaryland
82.8%
Lewis Carroll's much beloved (and often retold) tale of a rabbit holeAlice's Adventures in Wonderland
79.2%
California theme park overrun with mice, birds and other animalsDisneyland
76.1%
This show featured castaways: The Skipper, Mary Ann, and The Professor Gilligan's Island
74%
Gramma Nut and Lord Licorice are characters in this popular children's gameCandy Land
72.6%
Actor who plays Jack Bauer on '24'Kiefer Sutherland
70.6%
There's no place like home for this Wizard of Oz actressJudy Garland
67%
The most populous city in Oregon statePortland
64.9%
The 22nd and 24th President of the United States.Grover Cleveland
58.6%
This Canadian province shares a name with LabradorNewfoundland
55.6%
2009 comedy-horror with Jesse Eisenberg that ends at a theme parkZombieland
55%
Hint Answer % Correct
Autonomous island within the Kingdom of DenmarkGreenland
53.6%
A common usage name for the NetherlandsHolland
52.2%
2009 comedy-drama with Jesse Eisenberg set at a theme parkAdventureland
47.7%
This archipelago in Scotland is also a type of horse or sheepdogShetland
45%
Grammy winning music producer and rapper...not a shoe brandTimbaland
44.2%
Forest Whitaker won the Oscar for his role in this 2006 filmThe Last King of Scotland
41%
The midwest and plains states of the USA are referred to as...The Heartland
36.6%
1997 drama with Robert De Niro, Harvey Keitel and Sylvester StalloneCop Land
20.4%
Former English Premier League teamSunderland
15.2%
Robert A. Heinlein's 1961 Hugo Award-winning science fiction novelStranger in a Strange Land
8.5%
1979 hit single by Earth, Wind & FireBoogie Wonderland
7.6%
Sunday comic strip by Bloom County creator Berkeley BreathedOutland
4.4%

You're not logged in!

Compare scores with friends on all Sporcle quizzes.
OR
Log In

Sporcle TV

Today on Sporcle TV


Watch our educational content, quiz creation guides, and fun videos on Sporcle TV.

Show Comments

Extras

Top Quizzes Today


Score Distribution

Your Account Isn't Verified!

In order to create a playlist on Sporcle, you need to verify the email address you used during registration. Go to your Sporcle Settings to finish the process.

Report this User

Report this user for behavior that violates our Community Guidelines.

Details: